| 000 | 01183nam a2200289 i 4500 | ||
|---|---|---|---|
| 001 | 193638 | ||
| 003 | ES-MaACL | ||
| 005 | 20250827212102.0 | ||
| 007 | ta | ||
| 008 | 240131s1995 sp | |||| 000 spa | ||
| 040 | _aEs-MaACL | ||
| 100 | 1 |
_aPozo, Raúl del, _d1936- _eaut _993542 |
|
| 245 | 1 | 3 |
_aEl rey en el Ateneo : _b[los reyes presidieron la conmemoración del 175 aniversario del Ateneo] / _cRaúl del Pozo |
| 264 | 1 |
_a[Madrid] : _bEl Mundo, _c1995 |
|
| 300 |
_a2 páginas ; _c30 cm |
||
| 336 |
_aTexto _2rdacontent |
||
| 337 |
_asin mediación _2rdamedia |
||
| 338 |
_avolumen _2rdacarrier |
||
| 500 | _aFotocopia del artículo del escritor, periodista y ateneísta Raúl del Pozo sobre los reyes Juan Carlos I y Sofía en el Ateneo de Madrid, publicado en la sección "Vicios de la corte" de "El Mundo", 27 de octubre de 1995 | ||
| 600 | 0 | 4 |
_aJuan Carlos _bI, _cRey de España _967108 |
| 600 | 0 | 4 |
_aSofía, _cReina consorte de Juan Carlos I, Rey de España _9107022 |
| 610 | 2 | 4 |
_aAteneo de Madrid- _vHistoria _91925 |
| 655 | 4 |
_aArtículos _9175745 |
|
| 852 | 4 |
_aES-MaACL _cDEPOF _j2347-F-14 _9201143 |
|
| 942 |
_2udc _cART_PRENSA _n0 |
||
| 999 |
_c193638 _d193638 |
||